| 000 | 00467nam a2200193Ia 4500 | ||
|---|---|---|---|
| 003 | OSt | ||
| 005 | 20250828110720.0 | ||
| 008 | 250729s2005 xx 000 0 und d | ||
| 020 | _a978-81-7108-546-0 | ||
| 040 | _cAL | ||
| 041 | _aeng | ||
| 082 | _a000 paut | ||
| 100 |
_aPaul M K _9222265 |
||
| 245 | _aTeachers light up the world | ||
| 260 |
_aMumbai _bBetter Yourself Publication _c2005 |
||
| 300 | _a31p | ||
| 650 |
_aEducation _9222266 |
||
| 942 |
_2ddc _cBED |
||
| 999 |
_c235380 _d235380 |
||